000 00756nam a22002057a 4500
005 20140131175643.0
008 140131b xxu||||| |||| 00| 0 eng d
010 _aB-527661
020 _a9780143417231
_c140.00
035 _aB-527661
040 _aDPL
082 _aN
100 _aRavinder Singh
245 _aCan love happen twice /
_cby Ravinder Singh
260 _aLondon
_bPenguin Metro Read
_c2011
270 _a11, Community Centre, Panchsheel Park
_bNew Delhi
300 _a216p
_c20cm.(Pbk)
942 _2ddc
_cEN
_mRAV
_hN
999 _c82319
_d82319